| 000 | 00505nam a22001817a 4500 | ||
|---|---|---|---|
| 003 | MPLRDC | ||
| 005 | 20220104190732.0 | ||
| 008 | 210129b ||||| |||| 00| 0 eng d | ||
| 020 | _a978-7-5384-3848-2 | ||
| 082 | _a427.46 CUT | ||
| 100 | _aPIPPA CUTHBERT, LINDSAY CAMERON WILSON | ||
| 245 |
_a在家做冰淇淋 _c周财林 等译 |
||
| 250 | _a一版二刷 | ||
| 260 |
_a中国 _b吉林科学技术出版社 _c2008 |
||
| 300 | _b平 | ||
| 650 | _a冷饮--冰淇淋制作 | ||
| 942 |
_cBK _o427.46 CUT |
||
| 999 |
_c63926 _d63916 |
||